| 000 | 01154nam a2200241 a 4500 | ||
|---|---|---|---|
| 001 | 38807 | ||
| 003 | BD-RjUL | ||
| 005 | 20211209052849.0 | ||
| 008 | 160301r20081982bg ||||| |||| 00| 0 ben d | ||
| 020 | _a9840746952 | ||
| 035 | _a(BD-RjUL)38916 | ||
| 040 |
_aBD-RjUL _bben _cBD-RjUL |
||
| 041 | _aben | ||
| 082 |
_a954.14 _bRAB 2008 _223 |
||
| 100 |
_aরহিম, এম. এ. _9117065 |
||
| 245 |
_aবাংলার সামাজিক ও সাংস্কৃতিক ইতিহাস / _cএম. এ. রহিম ; মোহাম্মদ আসাদুজ্জামান অনূদিত . _nপ্রথম খন্ড : _p১২০৩-১৫৭৬ খ্রি. |
||
| 260 |
_aঢাকা : _bবাংলা একাডেমী, _c১৯৮২, _c[পুনর্মুদ্রণ ২০০৮] |
||
| 300 |
_a২৩,৩৬০ পৃ. ; _c২২ সেমি. |
||
| 650 |
_aবাংলা (ভারত) _xসভ্যতা _xইতিহাস _9119689 |
||
| 651 |
_aBengal (India) _xCivilization _xHistory _9117066 |
||
| 700 |
_aআসাদুজ্জামান, মোহাম্মদ _9117067 |
||
| 942 |
_2ddc _cBK _04 |
||
| 999 |
_c38807 _d38807 |
||